Datum a čas kvízu

31.5 Celkem bodů Celkový počet nahraných bodů na tomto kvízu bez doplňovacích otázek.
6. Pořadí na kvízu Konečné umístění týmu na tomto kvízu.

Zaznamenané odpovědi

# Otázka Odpověď Body Výsledky
1. Poblíž které jihočeské obce by... Lety 1
2. V noci ze středy na čtvrtek do... Moulin Rouge 1
3. Mezinárodní filmový festival K... Ivan Trojan 1
4. V pátek se v pražském hotelu M... mince 1
5. V dohrávce 29. kola fotbalové... Arsenal, 5:0 0
6. Bešamelová omáčka se standardn... muškátovým oříškem/květem 1
7. Napište zakrytou značku zobraz... Kikkoman 1
8. Když se řekne omáčka, určitě s... 15 1
9. Město Worcester dalo jméno jed... C; čertovo lejno 0.5
10. Jak se označuje tato omáčka (z... holandská omáčka; vejce Benedikt 1